Construction law and management (Record no. 106973)

MARC details
000 -LEADER
fixed length control field 01102cam a22002655a 4500
001 - CONTROL NUMBER
control field L138018
008 - FIXED-LENGTH DATA ELEMENTS--GENERAL INFORMATION
fixed length control field 070511s2007 xxk f 000 0 eng d
020 ## - INTERNATIONAL STANDARD BOOK NUMBER
International Standard Book Number 9781843116714
035 ## - SYSTEM CONTROL NUMBER
System control number (Sirsi) u138018
041 0# - LANGUAGE CODE
Language code of text/sound track or separate title eng
050 04 - LIBRARY OF CONGRESS CALL NUMBER
Classification number 692.8 $2 18
245 00 - TITLE STATEMENT
Title Construction law and management
260 ## - PUBLICATION, DISTRIBUTION, ETC.
Place of publication, distribution, etc. London
Name of publisher, distributor, etc. Informa Law
Date of publication, distribution, etc. 2007
300 ## - PHYSICAL DESCRIPTION
Extent xv, 528p.
Dimensions 24cm.
350 ## - PRICE (NR) (BK AM CF MU VM SE) [OBSOLETE]
Price 100.00
490 #0 - SERIES STATEMENT
Series statement Practical Construction Guides
505 2# - FORMATTED CONTENTS NOTE
Formatted contents note Introduction to the English and EU legal frameworks -- Materials and communications -- procurement -- Standard forms of contract -- Powers and duties of the employer and contractor -- Change and its effects -- Provisions for managing change -- Remedies for breach -- Claims and dispute resolution
520 ## - SUMMARY, ETC.
Summary, etc. Gives an overview of the English legal system relating to construction projects. Discusses dispute resolution, adjudication and the increased use of project mediation.
590 ## - LOCAL NOTE (RLIN)
Local note KA
651 #4 - SUBJECT ADDED ENTRY--GEOGRAPHIC NAME
Geographic name United Kingdom
Chronological subdivision
690 ## - LOCAL SUBJECT ADDED ENTRY--TOPICAL TERM (OCLC, RLIN)
Topical term or geographic name as entry element Construction management
9 (RLIN) 6230
700 1# - ADDED ENTRY--PERSONAL NAME
Personal name Pickavance, Keith
Relator term Ed.
942 ## - ADDED ENTRY ELEMENTS (KOHA)
Suppress in OPAC 0
Holdings
Withdrawn status Lost status Source of classification or shelving scheme Damaged status Not for loan Home library Current library Shelving location Date acquired Total Checkouts Full call number Barcode Date last seen Date last checked out Copy number Price effective from Koha item type
    Dewey Decimal Classification     London London Books 22/05/2007 23 692.8 CON 30073892 06/08/2019 19/02/2010 1 06/08/2019 Book